000 00600nam a22001937a 4500
003 OSt
005 20250827054237.0
008 250827b |||||||| |||| 00| 0 eng d
040 _aDWCL-Main lib
_cOC
082 _aGR. 930.1 St929 1979
100 _aStuart , Gene S.
245 _aSecrets from the past :
_b book for world explorers/
_cGene S. Stuart
260 _as.n. :
_b National Geographic Society,
_cc1979
300 _a104 p. :
_b col. ill. :
_c 27 cm.
504 _aIncludes index
650 _a1. Archaelogy--juvenile literature
650 _a2. Archrology
942 _2ddc
_cGR
_kGR.
_n0
999 _c4305
_d4305